Fabric finishes,quality evaluation of dyeing and printing/ (Record no. 163749)

MARC details
000 -LEADER
fixed length control field 00504nam a22001697a 4500
005 - DATE AND TIME OF LATEST TRANSACTION
control field 20190430112717.0
010 ## - LCCN (DPL NO)
LC control number ENG-125101
020 ## - INTERNATIONAL STANDARD BOOK NUMBER
International Standard Book Number 9789387871328
Terms of availability 130.00
037 ## - SOURCE OF ACQUISITION
Source of stock number/acquisition DBAD/PUB
082 ## - DEWEY DECIMAL CLASSIFICATION NUMBER
Classification number 746.6
100 ## - MAIN ENTRY--PERSONAL NAME
Personal name Manonmani,G
245 ## - TITLE STATEMENT
Title Fabric finishes,quality evaluation of dyeing and printing/
Statement of responsibility, etc by G.Manonmani
260 ## - PUBLICATION, DISTRIBUTION, ETC. (IMPRINT)
Place of publication, distribution, etc Tamil Nadu
Name of publisher, distributor, etc Shanlax Publications
Date of publication, distribution, etc 2018
270 ## - ADDRESS
Address 61,66 T.P.K.Main Road,Vasantha Nagar
City Madurai
Postal code 625003
300 ## - PHYSICAL DESCRIPTION
Extent 62p
Other physical details 21cm
942 ## - ADDED ENTRY ELEMENTS (KOHA)
Source of classification or shelving scheme Dewey Decimal Classification
Item type English Books
Call number prefix MAN
Call number suffix 746.6
Holdings
Withdrawn status Lost status Not for loan Collection code Home library Current library Date acquired Source of acquisition Cost, normal purchase price Full call number Barcode Copy number Cost, replacement price Koha item type
    Not For Loan Non-fiction D.B.Act.Division Central Library 29/04/2019 DBAD/PUB 130.00 746.6 MAN EN-108633 1 130.00 English Books

© Delhi Public Library
Hit Counter
free hit counter